• 首页
  • 本馆介绍
  • 公告通知
  • 最新文献
  • 馆藏检索
  • 电子资源
  • 读者导购
  • 参考咨询
  • 我的图书馆
  • 登录
  • 详细信息显示
  • 放入我的书架
  • 预约/预借图书
  • 作者相关作品
  • 分类相关作品
  • 丛书相关作品
  • 出版社相关作品

书目信息

  • 表格格式
  • 工作单格式
  • 卡片格式
题名:
跟我学爵士鼓
    
 
作者: 高炳点 编著
分册:  
出版信息: 长沙   湖南文艺出版社  2001.08
页数: 210页
开本: 16开
丛书名: 跟我学系列
单 册:
中图分类: J625
科图分类:
主题词: 器乐--理论 , 器乐--奏法 , 器乐--演奏
电子资源:
ISBN: 7-5404-2581-4
000 00653nam0 2200241 45
001 0205140847
005 20031219104055.5
010    @a7-5404-2581-4@dCNY23.50
100    @a20020514d2001 km y0chiy0120 ea
101 0  @achi
105    @a z 000yy
200 1  @a跟我学爵士鼓@AGen Wo Xue Jue Shi Gu@f高炳点编著@FGao Bing Dian Bian Zhu
210    @a长沙@c湖南文艺出版社@d2001.08
215    @a210页@d16开
225    @a跟我学系列
410    @12001 @a跟我学系列
606 0  @a器乐@x理论
606 0  @a器乐@x奏法
606 0  @a器乐@x演奏
690    @aJ625@v4
701    @a高炳点@4编著
801    @aCN@bTSTC@c20020514
905    @b309846-848@dJ625@e86@f3
    
    跟我学爵士鼓/高炳点编著.-长沙:湖南文艺出版社,2001.08
    210页;16开.-(跟我学系列)
    
    
    ISBN 7-5404-2581-4:CNY23.50
    
●
相关链接 在E读中查询图书 在五车中查询图书 在当当中查询图书 在豆瓣中查询图书


正题名:跟我学爵士鼓     索取号:J625/86         预约/预借

序号 登录号 条形码 馆藏地/架位号 状态 备注
1 0309846   203098469   第一借阅区/ [索取号:J625/86] 在馆    
2 0309847   203098478   第一借阅区/ [索取号:J625/86] 在馆    
3 0309848   203098487   第一样本阅览室/ [索取号:J625/86] 在馆    
唐山师范学院图书馆 欢迎您!
大连网信软件有限公司© 版权所有